000 00731nam a2200169Ia 4500
008 090123s9999 xx 000 0 und d
082 _b33660
100 _aजायस्वाल जयनारायण
245 _aचुंबक चिकित्सा शास्त्र व प्रयोग
250 _a4
260 _bगोपाल ग्रंथ गृह
600 _aजायस्वाल जयनारायण
630 _aचुंबक चिकित्सा शास्त्र व प्रयोग
700 _aजायस्वाल जयनारायण
730 _aचुंबक चिकित्सा शास्त्र व प्रयोग
942 _cBOOK
999 _c71719
_d71719